000 01023cad a22002415a 4500
001 L150692
008 100817s2010 xxkd f 000 0 eng d
035 _a(Sirsi) u150692
041 0 _aeng
050 0 4 _a338.4569 $2 18
110 2 _aFederation of Master Builders
_9465
245 0 0 _aFMB state of trade survey
_bsecond quarter 2010 - summary
_h[electronic resource]
260 _a[S.l.]
_bFMB
_c2010
490 0 _aFMB State of Trade Survey
_vSecond Quarter 2010
520 _aThe Federation of Master Builders Survey for the second quarter of 2010 showed some encouraging signs with a higher proportion of firms reporting higher workloads.
521 2 _aAdvanced
590 _aKA NTK
650 2 4 _aFEDERATION OF MASTER BUILDERS STATE OF TRADE SURVEY
651 4 _aUnited Kingdom
_y
690 _aBUILT ENVIRONMENT-CONSTRUCTION MARKET
856 4 0 _uhttps://www.fmb.org.uk/information-and-help/publications/state-of-trade-survey/?entryid24=203777
_zView the website free of charge at www.fmb.org.uk
942 _n0
999 _c110947
_d110947